000
00250nam a2200121Ia 4500
100
_a
Sacheti/D.C
942
_c
BK
654
_a
stats
245
_a
Statistics
260
_b
Sultan Chand & Sons
_a
New Delhii
_c
1972
300
_a
359
546
_a
ENGLISH
999
_c
19945
_d
19945